000 02259cam a22004694i 4500
003 PE-LiUPU
005 20250731165510.0
008 180131s r 000 0 spa d
020 _a9789587780284
035 _a(Sirsi) a241144
082 0 4 _a005.7565
_bC525
_223
100 1 _aChardi García, Pere,
_eautor.
245 _aSQL fácil.
250 _aPrimera edición.
264 1 _aMéxico :
_bmarcombo,
_c2014.
300 _a384 páginas :
_bilustraciones ;
_c24 centímetros
336 _atext
_2rdacontent
337 _aunmediated
_2rdamedia
338 _avolume
_2rdacarrier
505 0 _aBase de datos -- Consultas SQL I -- Consultas SQL II -- Tipos de dato -- Operadores -- Las funciones de agregado y la totalización de datos -- Agrupación de datos -- Filtrar cálculos de totalización -- Ordenación del resultado -- El operador like. El valor null -- Síntesis de la primera parte -- El producto cartesiano -- Abstracción de tabla -- Relaciones, claves primarias y foráneas -- Reunión interna y externa -- El modelo entidad-relación -- Lenguaje de definición de datos -- Insert, update, delete -- Síntesis de la segunda parte -- Funciones nativas -- Subconsultas en cláusula select -- Subconsultas en cláusula from -- Subconsultas en cláusula where -- Vistas -- Inserciones masivas -- Subconsultas en update -- Funciones y procedimientos almacenados -- Triggers -- Síntesis de la tercera parte -- Aplicación SQL -- Soluciones.
526 _aSEG44
526 _aSEG26
526 _aP151
526 _aP150
526 _aP149
526 _aP146
526 _aP145
526 _aP126
526 _aP125
526 _aP92
526 _aP75
526 _aP74
526 _aP27
526 _aP15
541 _g0001-0042355;
650 0 4 _aSQL (Programa para computadora).
650 0 4 _aSQL (Program for computer).
910 _adbm
_bebj
_cebj
_d20180131
596 _a1
942 _2ddc
_cBOOK
999 _a005.7565 C525
_wDEWEY
_c26784
_i78240
_d26784
_e2019-5-27
_f2022-4-11
_g4
_lCCODEBUL1
_mBUL
_n12
_p35.46
_q7
_r1
_sY
_tBOOK
_u2018-1-31
_xINGENIERIA
_PP27
_0COMPRA
_o.STAFF. Colección Ingeniería y Arquitectura
980 _81
_gALBERTO SANCHEZ Responsable de Automatización